00341nam a2200133Ia 4500003000400000008004100004020002200045040000800067100002000075245006500095260002600160300001000186365001100196LDD181029s9999 xx 000 0 und d a761934898c750.00 cLDD aChand, Vikram K 0aReinventing public service delivery in IndiacVikram K Chand aNew DelhibSagec2006 a404p. b750.00